000 00494nam a22001817a 4500
003 NUST - PNEC
005 20170116181041.0
008 150922b xxu||||| |||| 00| 0 eng d
020 _a0672215632
040 _cLIBRARY
082 _a621.3 JOR
100 _98576
_aJordan, Edward C.
245 _aReference data for engineers :
_bRadio, electronics, computer, and communications.
_cEdward C Jordan
250 _a7th ed.
260 _c1986
650 _99806
_aRadio
_xEE
942 _2ddc
_cBK
999 _c68095
_d68095